Historias de ninguno / (Registro nro. 12160)

Detalles MARC
000 -LIDER
fixed length control field 01157cam a2200397 i 4500
001 - NÚMERO DE CONTROL
Identificador de número de control 0000833
003 - IDENTIFICACDOR DE NÚMERO DE CONTROL
control field DO-SdBPM
005 - DATE AND TIME OF LATEST TRANSACTION
control field 20250409101107.0
007 - CAMPOS FIJOS DE DESCRIPCIÓN FÍSICA
fixed length control field 0000833
008 - ELEMENTOS DE LONGITUD FIJA
fixed length control field 100514s 1993 sp a | |||| 000 f spa
015 ## - NÚMERO DENTRO DE LA BIBLIOGRAFÍA NACIONAL
National bibliography number
017 ## - NÚMERO DE REGISTRO DE DERECHOS DE AUTOR
Copyright or legal deposit number
Assigning agency
020 ## - ISBN
International Standard Book Number 8434809079
035 ## - NÚMERO LOCAL
System control number
040 ## - FUENTE DE CATALOGACIÓN
Agencia que crea de manera original el registro DO-SdBPM
Idioma de catalogación spa
Agencia que realiza la transcripción BPMSU
Convenciones de la despripción
080 ## - NÚMERO DE CLASIFICACIÓN DECIMAL UNIVERSAL
Universal Decimal Classification number
082 #4 - NÚMERO DE CLASIFICACIÓN DECIMAL DE DEWEY
Classification number 863.6
Item number M425h 1993
Edition number 22
100 1# - ASIENTO PRINCIPAL -- NOMBRE PERSONAL
Nombre personal Mateos, Pilar
Fechas asociadas con el nombre 1942-
245 10 - MENCIÓN DE TITULO
Título Historias de ninguno /
Mención de responsabilidad Pilar Mateos ; ilustraciones Gustavo Otero
Medio (Designación general de material)
250 ## - MENCIÓN DE EDICION
Mención de edición 17a. ed.
260 ## - PUBLICACIÓN, DISTRIBUCIÓN, ETC. (PIE DE IMPRENTA)
Lugar de publicación, distribución, etc Madrid :
Nombre del editor, distribuidor, etc. Editorial Sm,
Fecha de publicación, distribución, etc 1993.
300 ## - DESCRIPCIÓN FÍSICA
Extensión 91 p. :
Otros detalles físicos il. ;
Dimensiones 19 cm.
490 0# - MENCIÓN DE SERIES
Mención de serie El barco de vapor,
Volume/sequential designation 6
490 1# - MENCIÓN DE SERIES
Mención de serie Azul
500 ## - NOTA GENERAL
Materiales especificados A partir de los 7 años
521 ## - TARGET AUDIENCE NOTE
Target audience note A partir de 7 años.
586 ## - AWARDS NOTE
Awards note Finalista del premio El Barco de Vapor
586 ## - AWARDS NOTE
Awards note Premio Lazarillo, 1982
586 ## - AWARDS NOTE
Awards note Premio El Barco de Vapor, 1981
590 ## - NOTA LOCAL
Texto de la nota local Inventariado, 2025/VM
650 #4 - ENCABEZAMIENTO DE MATERIA--TEMÁTICO
Término temático o nombre geográfico como elemento de entrada Cuentos infantiles españoles
650 #4 - ENCABEZAMIENTO DE MATERIA--TEMÁTICO
Término temático o nombre geográfico como elemento de entrada Niños
Fuente del encabezamiento o término Crecimiento
Subdivisión de forma Cuentos infantiles
700 1# - ASIENTO SECUNDARIO -- NOMBRE PERSONAL
Nombre personal Otero, Gustavo
Mención de responsabilidad ilustración
910 ## - VALIDACIÓN
Validación VMateo V. Control de calidad. BPMSU
942 ## - ADDED ENTRY ELEMENTS (KOHA)
Source of classification or shelving scheme Dewey Decimal Classification
Koha item type Libros
Existencias
Withdrawn status Lost status Source of classification or shelving scheme Damaged status Not for loan Collection code Home library Current library Date acquired Source of acquisition Total Checkouts Full call number Barcode Date last seen Price effective from Koha item type
    Dewey Decimal Classification     Colección Infantil General Biblioteca Pública Metropolitana Salomé Ureña Biblioteca Pública Metropolitana Salomé Ureña 11/29/2016 FUNDI   BPMSU CGI 863.6 M425h 1993 BPMSU16111645 11/29/2016 11/29/2016 Libros